00357nam a2200097Ia 4500008004100000100002200041245008400063260003600147650001500183856006100198160909s9999 xx 000 0 und d aWalters, Kevin M. aIs the "grass: greener? Occupational wellness in the Colorado cannabis industry bColorado State Universityc2016 aPSYCHOLOGY uhttp://pqdtopen.proquest.com/doc/1805168062.html?FMT=ABS